Better business practices for sustainable social change / (Record no. 204590)
[ view plain ]
| 000 -LEADER | |
|---|---|
| fixed length control field | 00876nam a2200253Ia 4500 |
| 005 - DATE AND TIME OF LATEST TRANSACTION | |
| control field | 20241119104849.0 |
| 008 - FIXED-LENGTH DATA ELEMENTS--GENERAL INFORMATION | |
| fixed length control field | 210716s2009 xx 000 0 und d |
| 020 ## - INTERNATIONAL STANDARD BOOK NUMBER | |
| International Standard Book Number | 9788190931403 |
| 040 ## - CATALOGING SOURCE | |
| Transcribing agency | AIMIT LIBRARY |
| 041 ## - LANGUAGE CODE | |
| Language code of text/sound track or separate title | eng |
| 082 ## - DEWEY DECIMAL CLASSIFICATION NUMBER | |
| Classification number | 001.072658 |
| Edition number | 1 |
| Item number | MOOM |
| 245 ## - TITLE STATEMENT | |
| Title | Better business practices for sustainable social change / |
| Statement of responsibility, etc. | Edited by M S Moodithaya...[et.al]. |
| 250 ## - EDITION STATEMENT | |
| Edition statement | 1st ed. |
| 260 ## - PUBLICATION, DISTRIBUTION, ETC. | |
| Place of publication, distribution, etc. | Mumbai : |
| Name of publisher, distributor, etc. | Sitha Book House . |
| Date of publication, distribution, etc. | 2009. |
| 300 ## - PHYSICAL DESCRIPTION | |
| Extent | viii,256p. ; |
| Other physical details | HB |
| Dimensions | 23.5 cm |
| 650 ## - SUBJECT ADDED ENTRY--TOPICAL TERM | |
| Topical term or geographic name entry element | Using the social accounting framework |
| 9 (RLIN) | 185684 |
| 650 ## - SUBJECT ADDED ENTRY--TOPICAL TERM | |
| Topical term or geographic name entry element | Changing dimensions of corporate |
| 9 (RLIN) | 185689 |
| 650 ## - SUBJECT ADDED ENTRY--TOPICAL TERM | |
| Topical term or geographic name entry element | Globalization and corporate |
| 9 (RLIN) | 185690 |
| 700 ## - ADDED ENTRY--PERSONAL NAME | |
| Personal name | Moodithaya, M S., ed. |
| 9 (RLIN) | 185685 |
| 700 ## - ADDED ENTRY--PERSONAL NAME | |
| Personal name | Thingalaya, N K., ed. |
| 9 (RLIN) | 185686 |
| 700 ## - ADDED ENTRY--PERSONAL NAME | |
| Personal name | Shetty, N S., ed. |
| 9 (RLIN) | 185687 |
| 700 ## - ADDED ENTRY--PERSONAL NAME | |
| Personal name | Joshi, G V., ed. |
| 9 (RLIN) | 185688 |
| 942 ## - ADDED ENTRY ELEMENTS (KOHA) | |
| Source of classification or shelving scheme | Dewey Decimal Classification |
| Koha item type | Book |
| Edition | 1st |
| Call number prefix | 001.072658 MOOM |
| Withdrawn status | Lost status | Source of classification or shelving scheme | Damaged status | Not for loan | Collection code | Home library | Current library | Shelving location | Date acquired | Cost, normal purchase price | Inventory number | Total Checkouts | Full call number | Barcode | Date last seen | Cost, replacement price | Price effective from | Koha item type |
|---|---|---|---|---|---|---|---|---|---|---|---|---|---|---|---|---|---|---|
| Dewey Decimal Classification | MBA | St Aloysius Institute of Management & Information Technology | St Aloysius Institute of Management & Information Technology | Corporate governance | 11/30/2009 | 300.00 | Bill no:345; Bill dt:2009-11-18 | 001.072658 MOOM | MBA07156 | 07/21/2025 | 225.00 | 07/16/2021 | Book | |||||
| Dewey Decimal Classification | MBA | St Aloysius Institute of Management & Information Technology | St Aloysius Institute of Management & Information Technology | Corporate governance | 11/30/2009 | 300.00 | Bill no:345; Bill dt:2009-11-18 | 001.072658 MOOM | MBA07157 | 07/21/2025 | 225.00 | 07/16/2021 | Book |